LEADER 04206oam 22008174a 450 001 9911072277703321 005 20250709222914.0 010 $a9782760543386 010 $a2760543382 024 7 $a10.1515/9782760543386 035 $a(CKB)3710000000601007 035 $a(EBL)4384424 035 $a(OCoLC)932030277 035 $a(SSID)ssj0001583697 035 $a(PQKBManifestationID)16263965 035 $a(PQKBTitleCode)TC0001583697 035 $a(PQKBWorkID)14863980 035 $a(PQKB)11531753 035 $a(MiAaPQ)EBC4624875 035 $a(OOCEL)467996 035 $a(OCoLC)933591719 035 $a(CaBNVSL)kck00236332 035 $a(MiAaPQ)EBC4384424 035 $a(MdBmJHUP)muse50792 035 $a(MiAaPQ)EBC4950458 035 $a(Au-PeEL)EBL4950458 035 $a(CaONFJC)MIL936082 035 $a(PPN)192172506 035 $a(DE-B1597)673346 035 $a(DE-B1597)9782760543386 035 $a(FR-PaCSA)88830107 035 $a(FRCYB88830107)88830107 035 $a(EXLCZ)993710000000601007 100 $a20150520d2015 uy 0 101 0 $afre 135 $aur|n|---||||| 181 $ctxt 182 $cc 183 $acr 200 10$aPanorama de l'archivistique contemporaine: évolution de la discipline et de la profession $eMélanges offerts à Carol Couture /$fsous la direction de Louise Gagnon-Arguin et Marcel Lajeunesse 205 $a1st ed. 210 1$aQue?bec [Que?bec] :$cPresses de l'Universite? du Que?bec,$d[2015] 210 4$d©2015 210 2$aOttawa, Ontario :$cCanadian Electronic Library,$d2015. 215 $a1 online resource (354 p.) 225 1 $aCollection Gestion de l'information 300 $aDescription based upon print version of record. 311 08$a9782760543379 311 08$a2760543374 320 $aComprend des re?fe?rences bibliographiques. 327 $aIntroduction -- Partie 1 Les te?moignages -- Partie 2 Les archives -- Partie 3 L'archivistique -- Partie 4 Les archivistes. 330 $aLes archives et l'archivistique se sont transforme?es au cours des dernie?res anne?es, notamment sous l'influence des nouvelles technologies de l'information et de la communication. C'est ainsi qu'ont e?merge? de nouvelles proble?matiques exigeant une adaptation des bases the?oriques de la discipline et une re?vision de ses pratiques. La profession d'archiviste s'est de?veloppe?e au rythme de ces changements, tant par l'institutionnalisation de la formation que par le renforcement de liens a? travers la mise en place et la vitalite? des associations d'archivistes.S'inspirant de leurs recherches, de leurs pratiques et de leurs re?flexions, une vingtaine de spe?cialistes, dont plusieurs archivistes, provenant du Que?bec, du Canada et de l'e?tranger, font le point sur diverses the?matiques lie?es aux archives elles-me?mes, a? la discipline archivistique et a? la profession d'archiviste. Les professionnels de l'archivistique, les e?tudiants en sciences de l'information et toute personne s'inte?ressant a? ce domaine y trouveront une synthe?se des proble?matiques qui jalonnent la discipline.Cet ouvrage constitue un hommage a? la carrie?re de Carol Couture qui, a? la fois comme archiviste, administrateur et professeur, a consacre? sa vie professionnelle a? la reconnaissance des archives, au de?veloppement de l'archivistique et a? la promotion de la profession d'archiviste. 410 0$aCollection Gestion de l'information. 606 $aArchivistes 606 $aArchivistique 606 $aArchives$xGestion 608 $aElectronic books. 615 6$aArchivistes. 615 6$aArchivistique. 615 6$aArchives$xGestion. 676 $a027 700 $aBaillargeon$b Diane, $4aut$4http://id.loc.gov/vocabulary/relators/aut$01899343 701 $aCouture$b Carol$f1945-$01899954 701 $aLajeunesse$b Marcel$0945311 701 $aGagnon-Arguin$b Louise$01146056 801 0$bMdBmJHUP 801 1$bMdBmJHUP 906 $aBOOK 912 $a9911072277703321 996 $aPanorama de l'archivistique contemporaine: évolution de la discipline et de la profession$94559611 997 $aUNINA